000 00714nam a22001577a 4500
003 OSt
005 20150921153534.0
008 150921b xxu||||| |||| 00| 0 eng d
040 _cRUA
082 _aAGR VON 2006 B034 Or.1
100 _91025
_aVONG, SAMBO.
245 _aDevelopment and management process of multipurpose farm or farmer in takeo and kampong speu province ដំណើរការគ្រប់គ្រង និងការអភិវឌ្ឍន៏កសិដ្ឋាន ពហុប្រយោគន៏របស់កសិករ នៅខេត្តតាកែវ និងកំពង់ស្ពឺ
260 _aPhnom Penh
_bRUA
_c2006
300 _a50p.
_bill.
_c29cm.
942 _2ddc
_cAGR
999 _c984
_d984